[Event "NB2 Szechenyi csoport"]
[Site "Sopron"]
[Date "2024.12.15"]
[Round "4.11"]
[White "Mente, Koppany"]
[Black "Samson, Marton"]
[Result "0-1"]
[WhiteElo "1528"]
[BlackElo "1662"]
[PlyCount "158"]
[GameId "2123723496479309"]
[EventDate "2024.11.03"]
[EventType "team-tourn"]
[EventRounds "11"]
[EventCountry "HUN"]
[Source "chess.hu"]
[WhiteTeam "SE Kisber-Aszar"]
[BlackTeam "Soproni MAFC"]
[WhiteTeamCountry "HUN"]
[BlackTeamCountry "HUN"]

1. e4 g6 2. Nc3 Bg7 3. d4 d6 4. Nf3 Nf6 5. Be2 O-O 6. O-O Nc6 7. Be3 e5 8. dxe5 dxe5 9. Bb5 Bd7 10. Qd2 Re8 11. Rad1 Qe7 12. Nd5 Nxd5 13. exd5 Nd8 14. Bc4 b5 15. d6 cxd6 16. Bg5 Qf8 17. Bd5 Nc6 18. c4 bxc4 19. Bxc4 e4 20. Ne1 Ne5 21. Bd5 Rab8 22. b3 Bb5 23. Bxe4 Bxf1 24. Kxf1 h6 25. Bf4 Rbd8 26. Nf3 Nxf3 27. Bxf3 Qe7 28. Bc6 Rf8 29. Qe2 Qxe2+ 30. Kxe2 Be5 31. Bxh6 Bg7 32. Bf4 d5 33. Bxd5 Rfe8+ 34. Be3 Bh6 35. Rd3 Bxe3 36. fxe3 Kg7 37. Bc4 Rxd3 38. Kxd3 Re5 39. Kd4 Rg5 40. g3 Rh5 41. h4 Rf5 42. Ke4 Rf2 43. a4 f5+ 44. Ke5 Rf3 45. e4 Re3 46. Bd5 fxe4 47. Bxe4 Rxb3 48. Bc2 Rxg3 49. Kf4 Rc3 50. Bd1 Kf6 51. Be2 Rb3 52. Bd1 Rb4+ 53. Kg3 Rd4 54. Bc2 Rd2 55. Be4 a5 56. Kf3 Rd4 57. Bc6 Rxh4 58. Kg3 g5 59. Bb5 Rd4 60. Kf3 Ke5 61. Kg3 Rb4 62. Kf3 g4+ 63. Kg3 Kf5 64. Bd7+ Kg5 65. Kh2 Kf4 66. Kg2 Rb2+ 67. Kg1 g3 68. Bc6 Rd2 69. Bb7 Ke3 70. Bc6 Kd4 71. Bg2 Rxg2+ 72. Kxg2 Kc4 73. Kxg3 Kb4 74. Kf3 Kxa4 75. Ke3 Kb3 76. Kd2 Kb2 77. Kd3 a4 78. Kc4 a3 79. Kb4 a2 0-1

[Event "NB2 Toth Laszlo csoport"]
[Site "Gyula"]
[Date "2024.11.03"]
[Round "1.1"]
[White "Keresztes, Richard"]
[Black "Fekete, Albert"]
[Result "1/2-1/2"]
[WhiteElo "2185"]
[BlackElo "2076"]
[PlyCount "43"]
[EventDate "2024.11.03"]
[EventType "team-tourn"]
[EventRounds "9"]
[EventCountry "HUN"]
[Source "chess.hu"]
[SourceDate "2024.11.04"]
[WhiteTeam "TAKISZ SE"]
[BlackTeam "Gyulai SE"]
[WhiteTeamCountry "HUN"]
[BlackTeamCountry "HUN"]

1. d4 c5 2. d5 e5 3. e4 d6 4. Nf3 Be7 5. Be2 Bg4 6. Nbd2 Nf6 7. O-O O-O 8. b3
Nbd7 9. Bb2 Ne8 10. a4 Ndf6 11. Ne1 Bc8 12. Nd3 b6 13. c4 Nd7 14. g3 Bf6 15.
Qc2 g6 16. Bc3 a5 17. Qb2 Bg7 18. f4 Qe7 19. Rae1 f6 20. Bf3 Nb8 21. Bg2 Ra7
22. Nf3 1/2-1/2

[Event "NB2 Toth Laszlo csoport"]
[Site "Gyula"]
[Date "2024.11.03"]
[Round "1.2"]
[White "Oltean, Cristian-Daniel"]
[Black "Horvath, Jozsef"]
[Result "1-0"]
[WhiteElo "2064"]
[BlackElo "2041"]
[PlyCount "83"]
[EventDate "2024.11.03"]
[EventType "team-tourn"]
[EventRounds "9"]
[EventCountry "HUN"]
[Source "chess.hu"]
[SourceDate "2024.11.04"]
[WhiteTeam "Gyulai SE"]
[BlackTeam "TAKISZ SE"]
[WhiteTeamCountry "HUN"]
[BlackTeamCountry "HUN"]

1. e4 c5 2. Nf3 e6 3. d4 cxd4 4. Nxd4 a6 5. c4 Qc7 6. Nc3 Nf6 7. a3 d6 8. Be2
Nbd7 9. Be3 Be7 10. O-O b6 11. Rc1 Bb7 12. f3 h6 13. b4 Rc8 14. Na4 Nh7 15. Nb3
O-O 16. Qd2 Ra8 17. Rfd1 Nhf6 18. Bf4 e5 19. Be3 Ne8 20. Bd3 Kh7 21. Qf2 Bd8
22. Nc3 Qb8 23. Bf1 Nef6 24. g3 Bc6 25. Bh3 Be7 26. a4 Qc7 27. Nd5 Bxd5 28.
cxd5 Qb7 29. Rc6 a5 30. Rdc1 Bd8 31. b5 Nc5 32. Nxc5 dxc5 33. f4 Re8 34. fxe5
Rxe5 35. Bf4 Re8 36. Qf3 Kg8 37. e5 Nh7 38. Rf1 Rf8 39. Bf5 Ng5 40. Qg4 g6 41.
Bxg5 gxf5 42. Rxf5 1-0

[Event "NB2 Toth Laszlo csoport"]
[Site "Gyula"]
[Date "2024.11.03"]
[Round "1.3"]
[White "Donko, Matyas"]
[Black "Tamas, Kornel"]
[Result "0-1"]
[WhiteElo "1917"]
[BlackElo "2004"]
[PlyCount "110"]
[EventDate "2024.11.03"]
[EventType "team-tourn"]
[EventRounds "9"]
[EventCountry "HUN"]
[Source "chess.hu"]
[SourceDate "2024.11.04"]
[WhiteTeam "TAKISZ SE"]
[BlackTeam "Gyulai SE"]
[WhiteTeamCountry "HUN"]
[BlackTeamCountry "HUN"]

1. e4 c5 2. Nf3 g6 3. d4 cxd4 4. Qxd4 Nf6 5. Nc3 Nc6 6. Qa4 Bg7 7. e5 Ng8 8.
Bf4 f6 9. exf6 Nxf6 10. Bb5 O-O 11. O-O-O Nh5 12. Bg5 h6 13. Be3 e6 14. Rd6 Qe7
15. Rhd1 a6 16. Bc5 Qf7 17. Bxc6 bxc6 18. Qa3 Rb8 19. R6d3 Re8 20. Bd4 Rb7 21.
Qa4 e5 22. Re3 Nf4 23. Nxe5 Bxe5 24. Rxe5 Rxe5 25. Bxe5 Ne6 26. Qh4 Qf5 27. f4
d5 28. g4 Qf8 29. Rf1 Rf7 30. Qg3 Kh7 31. h4 Nc5 32. Rh1 Nd7 33. h5 Nxe5 34.
fxe5 g5 35. Qd3+ Kh8 36. Qg6 Bxg4 37. Qxc6 Rf1+ 38. Rxf1 Qxf1+ 39. Kd2 Qf2+ 40.
Ne2 Qxe2+ 41. Kc3 Qxe5+ 42. Kb3 Qe6 43. Qa8+ Kg7 44. Qa7+ Kf6 45. Kc3 Bf5 46.
b4 Qe1+ 47. Kb3 Qb1+ 48. Ka3 Qc1+ 49. Ka4 Qxc2+ 50. Ka3 Qc3+ 51. Ka4 Bc2+ 52.
Ka5 Qa3+ 53. Kb6 Qe3+ 54. Kxa6 Qxa7+ 55. Kxa7 Ba4 0-1

[Event "NB2 Toth Laszlo csoport"]
[Site "Gyula"]
[Date "2024.11.03"]
[Round "1.4"]
[White "Gombos, Janos"]
[Black "Keresztes, Zoltan"]
[Result "1/2-1/2"]
[WhiteElo "1981"]
[BlackElo "1903"]
[PlyCount "52"]
[EventDate "2024.11.03"]
[EventType "team-tourn"]
[EventRounds "9"]
[EventCountry "HUN"]
[Source "chess.hu"]
[SourceDate "2024.11.04"]
[WhiteTeam "Gyulai SE"]
[BlackTeam "TAKISZ SE"]
[WhiteTeamCountry "HUN"]
[BlackTeamCountry "HUN"]

1. e4 c5 2. Nf3 d6 3. d4 cxd4 4. Nxd4 Nf6 5. Nc3 a6 6. Bg5 e6 7. f4 Be7 8. Qf3
Qc7 9. O-O-O Nbd7 10. g4 Rb8 11. Bxf6 Nxf6 12. g5 Nd7 13. f5 Bxg5+ 14. Kb1 Nf6
15. Rg1 Bh6 16. fxe6 fxe6 17. Bh3 Qe7 18. Bg4 O-O 19. Qh3 Nxg4 20. Qxg4 Be3 21.
Nf3 Bxg1 22. Rxg1 Bd7 23. e5 d5 24. Ne2 Rf7 25. Ned4 Rbf8 26. a3 Rf5 1/2-1/2

[Event "NB2 Toth Laszlo csoport"]
[Site "Gyula"]
[Date "2024.11.03"]
[Round "1.5"]
[White "Berki, Bela"]
[Black "Solymosi, Ferenc"]
[Result "1/2-1/2"]
[WhiteElo "1880"]
[BlackElo "1904"]
[PlyCount "32"]
[EventDate "2024.11.03"]
[EventType "team-tourn"]
[EventRounds "9"]
[EventCountry "HUN"]
[Source "chess.hu"]
[SourceDate "2024.11.04"]
[WhiteTeam "TAKISZ SE"]
[BlackTeam "Gyulai SE"]
[WhiteTeamCountry "HUN"]
[BlackTeamCountry "HUN"]

1. Nf3 Nf6 2. c4 c5 3. Nc3 Nc6 4. g3 g6 5. Bg2 Bg7 6. O-O O-O 7. d4 cxd4 8.
Nxd4 a6 9. Nc2 d6 10. Rb1 Rb8 11. b4 Be6 12. Nd5 Ne5 13. Nce3 b5 14. cxb5 axb5
15. Bb2 Nxd5 16. Nxd5 Bxd5 1/2-1/2

[Event "NB2 Toth Laszlo csoport"]
[Site "Gyula"]
[Date "2024.11.03"]
[Round "1.6"]
[White "Jako, Robert"]
[Black "Marton, Attila"]
[Result "1-0"]
[WhiteElo "1854"]
[BlackElo "1918"]
[PlyCount "55"]
[EventDate "2024.11.03"]
[EventType "team-tourn"]
[EventRounds "9"]
[EventCountry "HUN"]
[Source "chess.hu"]
[SourceDate "2024.11.04"]
[WhiteTeam "Gyulai SE"]
[BlackTeam "TAKISZ SE"]
[WhiteTeamCountry "HUN"]
[BlackTeamCountry "HUN"]

1. d4 Nf6 2. Nf3 e6 3. e3 c5 4. c4 d5 5. Nc3 cxd4 6. exd4 Nc6 7. a3 dxc4 8.
Bxc4 a6 9. O-O b5 10. Ba2 Ne7 11. Ne5 Bb7 12. Bg5 Ng6 13. f4 Be7 14. Nxf7 Kxf7
15. f5 Nf8 16. fxe6+ Ke8 17. Qd3 Qb6 18. Rfe1 Rd8 19. Rad1 Rxd4 20. Be3 Rxd3
21. Bxb6 Rxd1 22. Rxd1 h5 23. Ne2 Ne4 24. Nd4 g6 25. Rc1 Bd6 26. Bd5 Rh7 27.
Bxb7 Rxb7 28. Rc8+ 1-0

[Event "NB2 Toth Laszlo csoport"]
[Site "Gyula"]
[Date "2024.11.03"]
[Round "1.7"]
[White "Kovacs, Laszlo"]
[Black "Cretu, Sorin-Alexandru"]
[Result "1-0"]
[WhiteElo "1904"]
[BlackElo "1805"]
[PlyCount "80"]
[EventDate "2024.11.03"]
[EventType "team-tourn"]
[EventRounds "9"]
[EventCountry "HUN"]
[Source "chess.hu"]
[SourceDate "2024.11.04"]
[WhiteTeam "TAKISZ SE"]
[BlackTeam "Gyulai SE"]
[WhiteTeamCountry "HUN"]
[BlackTeamCountry "HUN"]

1. e4 c5 2. Nf3 d6 3. Bb5+ Nd7 4. c3 a6 5. Ba4 b5 6. Bc2 Bb7 7. O-O Ngf6 8. Re1
e5 9. d3 Rc8 10. Nbd2 Nb6 11. Nf1 Be7 12. Ng3 O-O 13. h3 Re8 14. Nf5 Bf8 15.
Bg5 h6 16. Bh4 g6 17. Ne3 c4 18. Ng4 g5 19. Nxf6+ Qxf6 20. Bg3 Bg7 21. Nh2 Nd7
22. Ng4 Qg6 23. f3 Nc5 24. Ne3 cxd3 25. Bxd3 Nxd3 26. Qxd3 Rcd8 27. Rad1 Qe6
28. Nd5 Bxd5 29. Qxd5 Qxd5 30. Rxd5 Kf8 31. Rdd1 Ke7 32. h4 Rd7 33. hxg5 hxg5
34. Kf2 Ke6 35. Ke2 Rc8 36. f4 b4 37. cxb4 f5 38. exf5+ Kxf5 39. Rd5 Rc6 40.
fxe5 Bxe5 1-0

[Event "NB2 Toth Laszlo csoport"]
[Site "Gyula"]
[Date "2024.11.03"]
[Round "1.8"]
[White "Banyai, Istvan"]
[Black "Gomori, Mihaly"]
[Result "1-0"]
[WhiteElo "1937"]
[BlackElo "1878"]
[PlyCount "87"]
[EventDate "2024.11.03"]
[EventType "team-tourn"]
[EventRounds "9"]
[EventCountry "HUN"]
[Source "chess.hu"]
[SourceDate "2024.11.04"]
[WhiteTeam "Gyulai SE"]
[BlackTeam "TAKISZ SE"]
[WhiteTeamCountry "HUN"]
[BlackTeamCountry "HUN"]

1. e4 e5 2. Nf3 Nc6 3. Bb5 d6 4. O-O Nf6 5. Re1 Be7 6. h3 a6 7. Ba4 O-O 8. c3
h6 9. d4 b5 10. Bb3 exd4 11. cxd4 Na5 12. Bc2 c5 13. Nbd2 Nh7 14. Nf1 Nc6 15.
Ng3 Ng5 16. Bxg5 Bxg5 17. dxc5 dxc5 18. Qxd8 Bxd8 19. Rad1 Nb4 20. Bb1 Be6 21.
a3 Nc6 22. e5 Ba5 23. Re3 Rad8 24. Rc1 Bb6 25. Bf5 Nd4 26. Bxe6 Nxe6 27. Nf5 c4
28. Re4 h5 29. Rh4 g6 30. Nd6 Nc5 31. Ne4 Nd3 32. Rf1 Kg7 33. g4 Rh8 34. gxh5
Rxh5 35. Rxh5 gxh5 36. Kh2 Kh6 37. Nd6 Rd7 38. Rg1 Bd8 39. Nf5+ Kh7 40. Rg7+
Kh8 41. e6 Bc7+ 42. Kg1 Rd8 43. Ng5 fxe6 44. Nf7# 1-0

[Event "NB2 Toth Laszlo csoport"]
[Site "Gyula"]
[Date "2024.11.03"]
[Round "1.9"]
[White "Botta, Tibor Dr"]
[Black "Balogh, Borbala"]
[Result "1/2-1/2"]
[WhiteElo "1851"]
[BlackElo "1717"]
[PlyCount "27"]
[EventDate "2024.11.03"]
[EventType "team-tourn"]
[EventRounds "9"]
[EventCountry "HUN"]
[Source "chess.hu"]
[SourceDate "2024.11.04"]
[WhiteTeam "TAKISZ SE"]
[BlackTeam "Gyulai SE"]
[WhiteTeamCountry "HUN"]
[BlackTeamCountry "HUN"]

1. d4 Nf6 2. c4 g6 3. Nc3 d6 4. Nf3 Bg7 5. e3 O-O 6. Bd3 Re8 7. O-O e5 8. dxe5
dxe5 9. e4 c6 10. h3 Qc7 11. Qc2 Na6 12. Bg5 Nc5 13. Bxf6 Bxf6 14. Rad1 1/2-1/2

[Event "NB2 Toth Laszlo csoport"]
[Site "Gyula"]
[Date "2024.11.03"]
[Round "1.10"]
[White "Major, Peter"]
[Black "Torok, Borbala"]
[Result "1/2-1/2"]
[WhiteElo "1670"]
[BlackElo "1859"]
[PlyCount "37"]
[EventDate "2024.11.03"]
[EventType "team-tourn"]
[EventRounds "9"]
[EventCountry "HUN"]
[Source "chess.hu"]
[SourceDate "2024.11.04"]
[WhiteTeam "Gyulai SE"]
[BlackTeam "TAKISZ SE"]
[WhiteTeamCountry "HUN"]
[BlackTeamCountry "HUN"]

1. e4 d5 2. exd5 Qxd5 3. Nc3 Qa5 4. d4 c6 5. Nf3 Bg4 6. h3 Bh5 7. g4 Bg6 8. Ne5
e6 9. Nxg6 hxg6 10. Qd3 Nf6 11. Bd2 Qc7 12. Bg2 Nbd7 13. O-O-O O-O-O 14. Qf3
Nb6 15. Bf4 Bd6 16. Bxd6 Rxd6 17. Rd3 Rhd8 18. Rhd1 R6d7 19. Qg3 1/2-1/2

[Event "NB2 Toth Laszlo csoport"]
[Site "Gyula"]
[Date "2024.11.03"]
[Round "1.11"]
[White "Horvath, Sandor"]
[Black "Godo, Csongor"]
[Result "1-0"]
[WhiteElo "1791"]
[BlackElo "1636"]
[PlyCount "81"]
[EventDate "2024.11.03"]
[EventType "team-tourn"]
[EventRounds "9"]
[EventCountry "HUN"]
[Source "chess.hu"]
[SourceDate "2024.11.04"]
[WhiteTeam "TAKISZ SE"]
[BlackTeam "Gyulai SE"]
[WhiteTeamCountry "HUN"]
[BlackTeamCountry "HUN"]

1. d4 Nf6 2. Nf3 e6 3. Bf4 c5 4. c3 Nc6 5. e3 d5 6. Nbd2 Nh5 7. Bg5 Be7 8. h4
h6 9. Bxe7 Qxe7 10. Bd3 Nf6 11. Qe2 c4 12. Bc2 Rb8 13. e4 b5 14. exd5 Nxd5 15.
Ne5 Bb7 16. Nxc6 Bxc6 17. Be4 O-O 18. g3 f5 19. Bf3 Qd6 20. O-O g5 21. Rae1
Rfe8 22. Qe5 Qe7 23. Bh5 gxh4 24. Bxe8 Rxe8 25. Kh2 Nf6 26. Qf4 Ng4+ 27. Kh3
hxg3 28. Qxg3 Qg5 29. f3 Qxd2 30. fxg4 fxg4+ 31. Qxg4+ Kh8 32. Rg1 Qd3+ 33. Kh4
Qh7 34. Rxe6 Rxe6 35. Qxe6 Qe4+ 36. Qxe4 Bxe4 37. Re1 Bc6 38. Kh5 a5 39. Kxh6
b4 40. Re6 Bd7 41. Rd6 1-0

[Event "NB2 Toth Laszlo csoport"]
[Site "Mako"]
[Date "2024.11.03"]
[Round "1.1"]
[White "Nadj Hedjesi, Balind"]
[Black "Restas, Peter"]
[Result "1/2-1/2"]
[WhiteElo "2218"]
[BlackElo "2013"]
[PlyCount "55"]
[EventDate "2024.11.03"]
[EventType "team-tourn"]
[EventRounds "9"]
[EventCountry "HUN"]
[Source "chess.hu"]
[SourceDate "2024.11.04"]
[WhiteTeam "Morahalom"]
[BlackTeam "Duocor-Makoi SVSE II"]
[WhiteTeamCountry "HUN"]
[BlackTeamCountry "HUN"]

1. e4 c5 2. a3 e6 3. b4 cxb4 4. axb4 Bxb4 5. Bb2 Nf6 6. e5 Nd5 7. c4 Nb6 8. Ra3
Nc6 9. Rg3 g6 10. h4 Rf8 11. Qb3 d5 12. exd6 Qxd6 13. Nc3 Nd4 14. Qd1 Bd7 15.
Bd3 Bc6 16. Nge2 e5 17. O-O Nxe2+ 18. Qxe2 O-O-O 19. Nb5 Bxb5 20. Bxe5 Qe7 21.
cxb5 Bd6 22. Bxd6 Qxd6 23. Ra1 Qd4 24. Rxa7 Rfe8 25. Qf3 Re1+ 26. Bf1 Rd7 27.
Qa3 Qxd2 28. Rc3+ 1/2-1/2

[Event "NB2 Toth Laszlo csoport"]
[Site "Mako"]
[Date "2024.11.03"]
[Round "1.2"]
[White "Csikos, Mihaly"]
[Black "Sirotanovic, Obrad"]
[Result "0-1"]
[WhiteElo "1986"]
[BlackElo "2166"]
[PlyCount "66"]
[EventDate "2024.11.03"]
[EventType "team-tourn"]
[EventRounds "9"]
[EventCountry "HUN"]
[Source "chess.hu"]
[SourceDate "2024.11.04"]
[WhiteTeam "Duocor-Makoi SVSE II"]
[BlackTeam "Morahalom"]
[WhiteTeamCountry "HUN"]
[BlackTeamCountry "HUN"]

1. e4 e6 2. c4 d5 3. cxd5 exd5 4. exd5 Nf6 5. Bb5+ Nbd7 6. Nc3 a6 7. Bxd7+ Bxd7
8. Qb3 b5 9. a3 Bd6 10. Nge2 O-O 11. h3 Re8 12. O-O a5 13. d3 b4 14. Ne4 Nxe4
15. dxe4 Bb5 16. Re1 Rxe4 17. Qf3 Qe8 18. Be3 Bxe2 19. Qxe2 bxa3 20. bxa3 Qe5
21. g3 Qxd5 22. Red1 Qe6 23. Qf3 Re8 24. Bd2 a4 25. Kg2 f5 26. Bc3 g6 27. Rd3
h5 28. h4 f4 29. Rd4 Rxd4 30. Bxd4 Qe4 31. Bb2 fxg3 32. Rf1 Qxf3+ 33. Kxf3 Rb8
0-1

[Event "NB2 Toth Laszlo csoport"]
[Site "Mako"]
[Date "2024.11.03"]
[Round "1.3"]
[White "Skenderovic, Nikola"]
[Black "Kovacs, Arthur Dr"]
[Result "1-0"]
[WhiteElo "2183"]
[BlackElo "1951"]
[PlyCount "53"]
[EventDate "2024.11.03"]
[EventType "team-tourn"]
[EventRounds "9"]
[EventCountry "HUN"]
[Source "chess.hu"]
[SourceDate "2024.11.04"]
[WhiteTeam "Morahalom"]
[BlackTeam "Duocor-Makoi SVSE II"]
[WhiteTeamCountry "HUN"]
[BlackTeamCountry "HUN"]

1. e4 c6 2. Nc3 d5 3. Nf3 Bg4 4. h3 Bh5 5. Be2 e6 6. O-O Nd7 7. d4 dxe4 8. Nxe4
Ngf6 9. Ng3 Bg6 10. Nh4 Be7 11. Nxg6 hxg6 12. b4 Nd5 13. b5 Nc3 14. Qe1 Nxe2+
15. Qxe2 Nf6 16. bxc6 bxc6 17. Bb2 O-O 18. c4 Qd7 19. Rad1 Rfd8 20. h4 Rab8 21.
Ba1 Rb7 22. h5 gxh5 23. d5 cxd5 24. Nxh5 Nxh5 25. Qxh5 Qc6 26. Rd3 dxc4 27.
Bxg7 1-0

[Event "NB2 Toth Laszlo csoport"]
[Site "Mako"]
[Date "2024.11.03"]
[Round "1.4"]
[White "Gyori, Gabor"]
[Black "Solymosi, Andras"]
[Result "0-1"]
[WhiteElo "1839"]
[BlackElo "2179"]
[PlyCount "140"]
[EventDate "2024.11.03"]
[EventType "team-tourn"]
[EventRounds "9"]
[EventCountry "HUN"]
[Source "chess.hu"]
[SourceDate "2024.11.04"]
[WhiteTeam "Duocor-Makoi SVSE II"]
[BlackTeam "Morahalom"]
[WhiteTeamCountry "HUN"]
[BlackTeamCountry "HUN"]

1. Nf3 d5 2. d4 Nf6 3. c4 e6 4. Nc3 Be7 5. Bf4 O-O 6. e3 Nbd7 7. Be2 c6 8. O-O
Nh5 9. Bg3 Nxg3 10. hxg3 Bf6 11. Qc2 Nb6 12. b3 g6 13. Rad1 Qe7 14. e4 dxe4 15.
Nxe4 Bg7 16. Rfe1 a5 17. Bf1 Bd7 18. Nc3 Qb4 19. Ra1 Qe7 20. Rad1 Rfd8 21. c5
Nc8 22. Na4 Be8 23. Bc4 Qc7 24. Ne5 Ra7 25. Qe2 Ne7 26. g4 Nc8 27. Qc2 Qe7 28.
Qe2 Qg5 29. g3 Qe7 30. Kg2 Qc7 31. Kg1 b5 32. cxb6 Nxb6 33. Nxb6 Qxb6 34. Qe4
a4 35. g5 Ra5 36. Rd3 Raa8 37. Red1 axb3 38. Bxb3 Rac8 39. R1d2 Qc7 40. Nc4 c5
41. dxc5 Rxd3 42. Rxd3 Qxc5 43. Nd6 Bc6 44. Qf4 Rf8 45. Ne4 Qa5 46. Rd1 Bxe4
47. Qxe4 Qxg5 48. Rd7 h5 49. Kh2 Qc5 50. Kg2 Qe5 51. Qb7 h4 52. gxh4 Bf6 53.
Qf3 Bxh4 54. Rd1 Qg5+ 55. Kh2 Qh6 56. Rh1 Bf6+ 57. Kg2 Qg5+ 58. Kf1 Rc8 59. Bd1
Rc1 60. Rg1 Qb5+ 61. Kg2 Kg7 62. Qb3 Qg5+ 63. Qg3 Qd2 64. Bb3 Rc5 65. Qe3 Rg5+
66. Kf1 Rxg1+ 67. Kxg1 Qxe3 68. fxe3 Be7 69. Kg2 Kf6 70. Kf3 Ke5 0-1

[Event "NB2 Toth Laszlo csoport"]
[Site "Mako"]
[Date "2024.11.03"]
[Round "1.5"]
[White "Korponai, Akos"]
[Black "Balassy, Gabor"]
[Result "1/2-1/2"]
[WhiteElo "2080"]
[BlackElo "1932"]
[PlyCount "59"]
[EventDate "2024.11.03"]
[EventType "team-tourn"]
[EventRounds "9"]
[EventCountry "HUN"]
[Source "chess.hu"]
[SourceDate "2024.11.04"]
[WhiteTeam "Morahalom"]
[BlackTeam "Duocor-Makoi SVSE II"]
[WhiteTeamCountry "HUN"]
[BlackTeamCountry "HUN"]

1. d4 Nf6 2. Nf3 d5 3. g3 g6 4. Bg2 Bg7 5. O-O Nbd7 6. c4 c6 7. cxd5 cxd5 8.
Nc3 O-O 9. Ne5 Nxe5 10. dxe5 Ng4 11. Nxd5 Nxe5 12. Bg5 f6 13. Bf4 e6 14. Bxe5
fxe5 15. Nc3 Rb8 16. Qb3 Qe7 17. Rac1 a6 18. Qb6 Bd7 19. Ne4 Bc6 20. Rc2 h5 21.
Nc5 Rbc8 22. Rcc1 Bh6 23. e3 Bxg2 24. Kxg2 Rc6 25. Qa7 Qf6 26. Qxb7 Qf3+ 27.
Kg1 h4 28. gxh4 Qg4+ 29. Kh1 Qf3+ 30. Kg1 1/2-1/2

[Event "NB2 Toth Laszlo csoport"]
[Site "Mako"]
[Date "2024.11.03"]
[Round "1.6"]
[White "Diamant, Tibor"]
[Black "Molnar Gabor, Roland"]
[Result "0-1"]
[WhiteElo "1937"]
[BlackElo "2049"]
[PlyCount "79"]
[EventDate "2024.11.03"]
[EventType "team-tourn"]
[EventRounds "9"]
[EventCountry "HUN"]
[Source "chess.hu"]
[SourceDate "2024.11.04"]
[WhiteTeam "Duocor-Makoi SVSE II"]
[BlackTeam "Morahalom"]
[WhiteTeamCountry "HUN"]
[BlackTeamCountry "HUN"]

1. e4 e5 2. Nf3 Nc6 3. Bb5 a6 4. Ba4 Nf6 5. d4 Nxe4 6. Qe2 b5 7. Qxe4 d5 8. Qe3
bxa4 9. Nxe5 Nxe5 10. Qxe5+ Qe7 11. Bf4 Qxe5+ 12. Bxe5 c6 13. O-O f6 14. Bg3
Bf5 15. Rc1 h5 16. h4 g5 17. hxg5 fxg5 18. Be5 Rh7 19. c4 dxc4 20. Rxc4 Kd7 21.
Rxa4 c5 22. Nc3 Bc2 23. b3 Ke8 24. Nd5 Kf7 25. Nc7 Ra7 26. Rxa6 Rxa6 27. Nxa6
cxd4 28. Bxd4 Ke6 29. Rc1 Bf5 30. Be3 g4 31. b4 h4 32. Nc7+ Ke5 33. b5 h3 34.
f3 hxg2 35. Kxg2 gxf3+ 36. Kxf3 Rh3+ 37. Kf2 Rxe3 38. Kxe3 Bh6+ 39. Ke2 Bxc1
40. b6 0-1

[Event "NB2 Toth Laszlo csoport"]
[Site "Mako"]
[Date "2024.11.03"]
[Round "1.7"]
[White "Rankov, Boris"]
[Black "Gyori, Balint"]
[Result "1/2-1/2"]
[WhiteElo "2070"]
[BlackElo "1752"]
[PlyCount "59"]
[EventDate "2024.11.03"]
[EventType "team-tourn"]
[EventRounds "9"]
[EventCountry "HUN"]
[Source "chess.hu"]
[SourceDate "2024.11.04"]
[WhiteTeam "Morahalom"]
[BlackTeam "Duocor-Makoi SVSE II"]
[WhiteTeamCountry "HUN"]
[BlackTeamCountry "HUN"]

1. e4 e5 2. Nf3 Nc6 3. Bb5 a6 4. Ba4 Nf6 5. O-O b5 6. Bb3 Bc5 7. Nc3 d6 8. d3
h6 9. h3 O-O 10. Be3 Bb6 11. Nd5 Nxd5 12. Bxd5 Bb7 13. Bxb6 cxb6 14. c3 Rb8 15.
Rc1 Ne7 16. Bxb7 Rxb7 17. d4 Ng6 18. a4 Qe8 19. b3 bxa4 20. bxa4 Nf4 21. Re1
Rc7 22. Rb1 Rxc3 23. Rxb6 Qc8 24. Kh2 Nd3 25. Re2 Nf4 26. Rd2 Rc1 27. Qb3 Rc3
28. Qd1 Rc1 29. Qb3 Rc3 30. Qd1 1/2-1/2

[Event "NB2 Toth Laszlo csoport"]
[Site "Mako"]
[Date "2024.11.03"]
[Round "1.8"]
[White "Hajnal, Bence"]
[Black "Varga, Gabor"]
[Result "0-1"]
[WhiteElo "1890"]
[BlackElo "1974"]
[PlyCount "82"]
[EventDate "2024.11.03"]
[EventType "team-tourn"]
[EventRounds "9"]
[EventCountry "HUN"]
[Source "chess.hu"]
[SourceDate "2024.11.04"]
[WhiteTeam "Duocor-Makoi SVSE II"]
[BlackTeam "Morahalom"]
[WhiteTeamCountry "HUN"]
[BlackTeamCountry "HUN"]

1. Nc3 d5 2. d4 Nf6 3. Bf4 c6 4. Qd2 Bf5 5. f3 h6 6. O-O-O e6 7. h3 Bd6 8. Re1
Bg6 9. Bxd6 Qxd6 10. e4 Qc7 11. Nge2 Bh7 12. Nf4 g5 13. Nd3 dxe4 14. Nc5 Nbd7
15. N3xe4 Bxe4 16. Nxe4 O-O-O 17. h4 g4 18. fxg4 Nxe4 19. Rxe4 Nf6 20. Rf4 Nd5
21. Rf3 Rhg8 22. g5 hxg5 23. hxg5 Rg7 24. Qf2 Qe7 25. Rf6 Rf8 26. c4 Nc7 27.
Bd3 Ne8 28. Re1 Rgg8 29. Rf5 Rxg5 30. d5 Rxf5 31. Bxf5 Qg5+ 32. Kc2 Qxf5+ 33.
Qxf5 exf5 34. dxc6 bxc6 35. Re7 a6 36. Kd3 Kd8 37. Rb7 Rg8 38. Rxf7 Rxg2 39. b4
Rg3+ 40. Kd4 Rg4+ 41. Ke5 Re4+ 0-1

[Event "NB2 Toth Laszlo csoport"]
[Site "Mako"]
[Date "2024.11.03"]
[Round "1.9"]
[White "Markovic, Milos"]
[Black "Nagy Dani, Karoly"]
[Result "1/2-1/2"]
[WhiteElo "1922"]
[BlackElo "1903"]
[PlyCount "80"]
[EventDate "2024.11.03"]
[EventType "team-tourn"]
[EventRounds "9"]
[EventCountry "HUN"]
[Source "chess.hu"]
[SourceDate "2024.11.04"]
[WhiteTeam "Morahalom"]
[BlackTeam "Duocor-Makoi SVSE II"]
[WhiteTeamCountry "HUN"]
[BlackTeamCountry "HUN"]

1. d4 d5 2. Nf3 Nf6 3. Bf4 e6 4. e3 Bd6 5. c3 Bxf4 6. exf4 c5 7. Nbd2 cxd4 8.
cxd4 O-O 9. Bd3 b6 10. Qe2 Nc6 11. a3 a5 12. Rc1 Bb7 13. O-O Qd6 14. g3 Rac8
15. Bb5 Ne4 16. Nxe4 dxe4 17. Qxe4 Nd8 18. Qe5 Qd5 19. Qxd5 exd5 20. Bd7 Rc4
21. b3 Rxc1 22. Rxc1 Ba6 23. b4 Be2 24. Ne5 axb4 25. axb4 f6 26. Nc6 Nxc6 27.
Rxc6 Bf3 28. Be6+ Kh8 29. h3 b5 30. Rc8 Rxc8 31. Bxc8 Be2 32. Be6 Bc4 33. Kg2
g6 34. g4 Kg7 35. Kg3 Bb3 36. f5 g5 37. h4 h6 38. f4 Ba2 39. fxg5 fxg5 40. hxg5
hxg5 1/2-1/2

[Event "NB2 Toth Laszlo csoport"]
[Site "Mako"]
[Date "2024.11.03"]
[Round "1.10"]
[White "Kopias, Ferenc"]
[Black "Farkas, Sandor"]
[Result "0-1"]
[WhiteElo "1758"]
[BlackElo "1919"]
[PlyCount "81"]
[EventDate "2024.11.03"]
[EventType "team-tourn"]
[EventRounds "9"]
[EventCountry "HUN"]
[Source "chess.hu"]
[SourceDate "2024.11.04"]
[WhiteTeam "Duocor-Makoi SVSE II"]
[BlackTeam "Morahalom"]
[WhiteTeamCountry "HUN"]
[BlackTeamCountry "HUN"]

1. d4 b6 2. c4 Bb7 3. Nc3 e6 4. e4 Bb4 5. Bd3 Nf6 6. f3 Nh5 7. Be3 Qh4+ 8. Bf2
Qg5 9. g3 O-O 10. Nge2 f5 11. Qc1 Qe7 12. a3 Bxc3+ 13. Nxc3 fxe4 14. fxe4 Nc6
15. Qe3 e5 16. dxe5 Nxe5 17. Be2 Nf6 18. h3 c6 19. O-O-O Rac8 20. g4 Ba6 21. g5
Ne8 22. Rd4 Nd6 23. c5 Ndc4 24. Qg3 bxc5 25. Rdd1 Rb8 26. b4 cxb4 27. Na4 Rxf2
28. Qxf2 Qxg5+ 29. Kb1 bxa3+ 30. Ka2 Bb5 31. Qxa7 Rf8 32. Rhg1 Qe3 33. Qxe3
Nxe3 34. Bxb5 cxb5 35. Rde1 Rf2+ 36. Kb3 bxa4+ 37. Kxa4 N3c4 38. h4 Rf6 39. Ra1
Rf4 40. Rae1 Rxh4 41. Rb1 0-1